ბათუმის შოთა რუსთაველის სახელმწიფო უნივერსიტეტის ბიბლიოთეკა

ბორჯომი ბალნეოლოგიური კურორტი (ბიბ.ჩანაწერი № 44656)

000 -LEADER
fixed length control field 00755nam a2200205Ia 4500
001 - CONTROL NUMBER
control field 11459
003 - CONTROL NUMBER IDENTIFIER
control field GE_BSU
008 - FIXED-LENGTH DATA ELEMENTS--GENERAL INFORMATION
fixed length control field 181216s||||||||xx |||||||||||||| ||und||
040 ## - CATALOGING SOURCE
Transcribing agency GE_BSU
100 ## - MAIN ENTRY--PERSONAL NAME
Personal name ფარჯანაძე,შ; მახათაძე,გ.
245 ## - TITLE STATEMENT
Title ბორჯომი ბალნეოლოგიური კურორტი
245 ## - TITLE STATEMENT
Statement of responsibility, etc. რედ:შ.ჭალაგანიძე; მხატვ:ნ.ლაფაჩი.
260 ## - PUBLICATION, DISTRIBUTION, ETC.
Place of publication, distribution, etc. თბილისი
260 ## - PUBLICATION, DISTRIBUTION, ETC.
Name of publisher, distributor, etc. საბჭოთა საქართველო
260 ## - PUBLICATION, DISTRIBUTION, ETC.
Date of publication, distribution, etc. 1975
300 ## - PHYSICAL DESCRIPTION
Extent 71გვ;18სმ.
300 ## - PHYSICAL DESCRIPTION
Other physical details ილ.
653 ## - INDEX TERM--UNCONTROLLED
Uncontrolled term ბორჯომი ბალნეოლოგიური კურორტი
942 ## - ADDED ENTRY ELEMENTS (KOHA)
Koha item type წიგნი
ეგზემპლარები
Withdrawn status Lost status Damaged status Not for loan Date acquired Barcode Date last seen Price effective from Koha item type
        2018-12-17 20263 2018-12-17 2018-12-17 წიგნი